00477nam a2200169Ia 4500008004100000100002100041245005200062245002000114260000800134260000900142300003000151440005700181650001700238650001700255650002300272650001200295180910s9999 xx 000 0 und d aSmith, Eliot, R. aJournal of Personalilty and Social Psychology / cEliot R. Smith. bUSA c2017 apages 528-681, April 2017 aJournal of Personalilty and Social Psychologyv112:4 aPeriodicals. aPersonality. aSocial Psychology. aTraits.